<?xml version="1.0" encoding="UTF-8"?>
<record
    xmlns:xsi="http://www.w3.org/2001/XMLSchema-instance"
    xsi:schemaLocation="http://www.loc.gov/MARC21/slim http://www.loc.gov/standards/marcxml/schema/MARC21slim.xsd"
    xmlns="http://www.loc.gov/MARC21/slim">

  <leader>00559nam a22001337a 4500</leader>
  <datafield tag="040" ind1=" " ind2=" ">
    <subfield code="c">RUA</subfield>
  </datafield>
  <datafield tag="082" ind1=" " ind2=" ">
    <subfield code="a">AGR KAM 2015 B474 Or.1</subfield>
  </datafield>
  <datafield tag="100" ind1=" " ind2=" ">
    <subfield code="a">KAMRORNG TEVY; &#x1780;&#x1798;&#x17D2;&#x179A;&#x1784; &#x1791;&#x17C1;&#x179C;&#x17B8;</subfield>
  </datafield>
  <datafield tag="245" ind1=" " ind2=" ">
    <subfield code="a">Bunching onion production of farmers in saang district, kandal province; &#x1795;&#x179B;&#x17B7;&#x178F;&#x1780;&#x1798;&#x17D2;&#x1798;&#x178A;&#x17C6;&#x178E;&#x17B6;&#x17C6;&#x1781;&#x17D2;&#x1791;&#x17B9;&#x1798;&#x179F;&#x17D2;&#x179B;&#x17B9;&#x1780;&#x179A;&#x1794;&#x179F;&#x17CB;&#x1780;&#x179F;&#x17B7;&#x1780;&#x179A;&#x1793;&#x17C5;&#x179F;&#x17D2;&#x179A;&#x17BB;&#x1780;&#x179F;&#x17D2;&#x17A2;&#x17B6;&#x1784; &#x1781;&#x17C1;&#x178F;&#x17D2;&#x178F;&#x1780;&#x178E;&#x17D2;&#x178F;&#x17B6;&#x179B;</subfield>
  </datafield>
  <datafield tag="260" ind1=" " ind2=" ">
    <subfield code="a">Phnom Penh</subfield>
    <subfield code="b">RUA</subfield>
    <subfield code="c">2015</subfield>
  </datafield>
  <datafield tag="300" ind1=" " ind2=" ">
    <subfield code="a">xiii; 44p;</subfield>
    <subfield code="b">ill;</subfield>
    <subfield code="c">29cm;</subfield>
  </datafield>
  <datafield tag="856" ind1=" " ind2=" ">
    <subfield code="u"> KAMRORNG TEVY</subfield>
  </datafield>
  <datafield tag="942" ind1=" " ind2=" ">
    <subfield code="c">AGR</subfield>
  </datafield>
  <datafield tag="999" ind1=" " ind2=" ">
    <subfield code="c">10407</subfield>
    <subfield code="d">10407</subfield>
  </datafield>
  <datafield tag="952" ind1=" " ind2=" ">
    <subfield code="0">0</subfield>
    <subfield code="1">0</subfield>
    <subfield code="2">ddc</subfield>
    <subfield code="4">0</subfield>
    <subfield code="6">AGR_KAM_2015_000000000000000_B474_OR_1</subfield>
    <subfield code="7">0</subfield>
    <subfield code="9">53392</subfield>
    <subfield code="a">LBB</subfield>
    <subfield code="b">LBB</subfield>
    <subfield code="c">B474</subfield>
    <subfield code="d">2016-10-21</subfield>
    <subfield code="o">AGR KAM 2015 B474 Or.1</subfield>
    <subfield code="p">A01950</subfield>
    <subfield code="r">2016-10-21</subfield>
    <subfield code="w">2016-10-21</subfield>
    <subfield code="y">AGR</subfield>
  </datafield>
  <datafield tag="952" ind1=" " ind2=" ">
    <subfield code="0">0</subfield>
    <subfield code="1">0</subfield>
    <subfield code="2">ddc</subfield>
    <subfield code="4">0</subfield>
    <subfield code="6">AGR_KAM_2015_000000000000000_B474_OR_2</subfield>
    <subfield code="7">0</subfield>
    <subfield code="9">53393</subfield>
    <subfield code="a">LBB</subfield>
    <subfield code="b">LBB</subfield>
    <subfield code="c">B474</subfield>
    <subfield code="d">2016-10-21</subfield>
    <subfield code="l">1</subfield>
    <subfield code="o">AGR KAM 2015 B474 Or.2</subfield>
    <subfield code="p">A02093</subfield>
    <subfield code="r">2016-12-07</subfield>
    <subfield code="s">2016-11-25</subfield>
    <subfield code="w">2016-10-21</subfield>
    <subfield code="y">AGR</subfield>
  </datafield>
  <datafield tag="952" ind1=" " ind2=" ">
    <subfield code="0">0</subfield>
    <subfield code="1">0</subfield>
    <subfield code="2">ddc</subfield>
    <subfield code="4">0</subfield>
    <subfield code="6">AGR_KAM_2015_000000000000000_B474_OR_3</subfield>
    <subfield code="7">0</subfield>
    <subfield code="9">53394</subfield>
    <subfield code="a">LBB</subfield>
    <subfield code="b">LBB</subfield>
    <subfield code="c">B474</subfield>
    <subfield code="d">2016-10-21</subfield>
    <subfield code="l">1</subfield>
    <subfield code="o">AGR KAM 2015 B474 Or.3</subfield>
    <subfield code="p">A02173</subfield>
    <subfield code="r">2018-07-13</subfield>
    <subfield code="s">2018-06-22</subfield>
    <subfield code="w">2016-10-21</subfield>
    <subfield code="y">AGR</subfield>
  </datafield>
  <datafield tag="952" ind1=" " ind2=" ">
    <subfield code="0">0</subfield>
    <subfield code="1">0</subfield>
    <subfield code="2">ddc</subfield>
    <subfield code="4">0</subfield>
    <subfield code="6">AGR_KAM_2015_000000000000000_B474_OR_4</subfield>
    <subfield code="7">0</subfield>
    <subfield code="9">53395</subfield>
    <subfield code="a">LBB</subfield>
    <subfield code="b">LBB</subfield>
    <subfield code="c">B474</subfield>
    <subfield code="d">2016-10-21</subfield>
    <subfield code="o">AGR KAM 2015 B474 Or.4</subfield>
    <subfield code="p">A02804</subfield>
    <subfield code="r">2016-10-21</subfield>
    <subfield code="w">2016-10-21</subfield>
    <subfield code="y">AGR</subfield>
  </datafield>
  <datafield tag="952" ind1=" " ind2=" ">
    <subfield code="0">0</subfield>
    <subfield code="1">0</subfield>
    <subfield code="2">ddc</subfield>
    <subfield code="4">0</subfield>
    <subfield code="6">AGR_KAM_2015_000000000000000_B474_OR_5</subfield>
    <subfield code="7">0</subfield>
    <subfield code="9">53396</subfield>
    <subfield code="a">LBB</subfield>
    <subfield code="b">LBB</subfield>
    <subfield code="c">B474</subfield>
    <subfield code="d">2016-10-21</subfield>
    <subfield code="o">AGR KAM 2015 B474 Or.5</subfield>
    <subfield code="p">A02745</subfield>
    <subfield code="r">2016-10-21</subfield>
    <subfield code="w">2016-10-21</subfield>
    <subfield code="y">AGR</subfield>
  </datafield>
  <datafield tag="952" ind1=" " ind2=" ">
    <subfield code="0">0</subfield>
    <subfield code="1">0</subfield>
    <subfield code="2">ddc</subfield>
    <subfield code="4">0</subfield>
    <subfield code="6">AGR_KAM_2015_000000000000000_B474_OR_6</subfield>
    <subfield code="7">0</subfield>
    <subfield code="9">53397</subfield>
    <subfield code="a">LBB</subfield>
    <subfield code="b">LBB</subfield>
    <subfield code="c">B474</subfield>
    <subfield code="d">2016-10-21</subfield>
    <subfield code="o">AGR KAM 2015 B474 Or.6</subfield>
    <subfield code="p">A01510</subfield>
    <subfield code="r">2016-10-21</subfield>
    <subfield code="w">2016-10-21</subfield>
    <subfield code="y">AGR</subfield>
  </datafield>
  <datafield tag="952" ind1=" " ind2=" ">
    <subfield code="0">0</subfield>
    <subfield code="1">0</subfield>
    <subfield code="2">ddc</subfield>
    <subfield code="4">0</subfield>
    <subfield code="6">AGR_KAM_2015_000000000000000_B474_OR_7</subfield>
    <subfield code="7">0</subfield>
    <subfield code="9">53398</subfield>
    <subfield code="a">LBB</subfield>
    <subfield code="b">LBB</subfield>
    <subfield code="c">B474</subfield>
    <subfield code="d">2016-10-21</subfield>
    <subfield code="o">AGR KAM 2015 B474 Or.7</subfield>
    <subfield code="p">A00959</subfield>
    <subfield code="r">2016-10-21</subfield>
    <subfield code="w">2016-10-21</subfield>
    <subfield code="y">AGR</subfield>
  </datafield>
  <datafield tag="952" ind1=" " ind2=" ">
    <subfield code="0">0</subfield>
    <subfield code="1">0</subfield>
    <subfield code="2">ddc</subfield>
    <subfield code="4">0</subfield>
    <subfield code="6">AGR_KAM_2015_000000000000000_B474_OR_8</subfield>
    <subfield code="7">0</subfield>
    <subfield code="9">53399</subfield>
    <subfield code="a">LBB</subfield>
    <subfield code="b">LBB</subfield>
    <subfield code="c">B474</subfield>
    <subfield code="d">2016-10-21</subfield>
    <subfield code="o">AGR KAM 2015 B474 Or.8</subfield>
    <subfield code="p">A01722</subfield>
    <subfield code="r">2016-10-21</subfield>
    <subfield code="w">2016-10-21</subfield>
    <subfield code="y">AGR</subfield>
  </datafield>
  <datafield tag="952" ind1=" " ind2=" ">
    <subfield code="0">0</subfield>
    <subfield code="1">0</subfield>
    <subfield code="4">0</subfield>
    <subfield code="6">AGR_KAM_2015_000000000000000_B691_OR_1</subfield>
    <subfield code="7">0</subfield>
    <subfield code="9">86932</subfield>
    <subfield code="a">LBB</subfield>
    <subfield code="b">LBB</subfield>
    <subfield code="c">B691</subfield>
    <subfield code="d">2021-09-28</subfield>
    <subfield code="o">AGR KAM 2015 B691 Or.1</subfield>
    <subfield code="p">A066490</subfield>
    <subfield code="r">2021-09-28</subfield>
    <subfield code="y">AGR</subfield>
  </datafield>
  <datafield tag="952" ind1=" " ind2=" ">
    <subfield code="0">0</subfield>
    <subfield code="1">0</subfield>
    <subfield code="4">0</subfield>
    <subfield code="6">AGR_KAM_2015_000000000000000_B691_OR_1</subfield>
    <subfield code="7">0</subfield>
    <subfield code="9">86933</subfield>
    <subfield code="a">LBB</subfield>
    <subfield code="b">LBB</subfield>
    <subfield code="c">B691</subfield>
    <subfield code="d">2021-09-28</subfield>
    <subfield code="l">1</subfield>
    <subfield code="o">AGR KAM 2015 B691 Or.1</subfield>
    <subfield code="p">A066550</subfield>
    <subfield code="r">2024-07-03</subfield>
    <subfield code="s">2024-06-20</subfield>
    <subfield code="y">AGR</subfield>
  </datafield>
</record>
